Technológia 1 - brusič

Bibliographic Details
Main Author: Outrata, Jiří, 1903-1981 (Author)
Other Authors: Sýkora, Alexander (Translator)
Format: Book
Language:Slovak
PhysicalDescription:216 s., 13,45 AH Tb. Fot. Sch. 21 cm
Published: Bratislava Alfa 1979
Edition:4. vyd.
Series:Edícia strojárskej literatúry

MARC

LEADER 00000nam a2200000 a 4500
001 vtls001116122
003 SK-MaSNL
005 20260302073255.0
008 250414s1979 xo 0 slo
015 |a SNBA1979 
035 |a SNK000058965 
040 |a SNK  |b slo  |c SNK  |e AACR2 
041 0 |a slo 
044 |a xo  |c SK 
080 |a 621.921/.924(075.3)  |2 1981 
100 1 |a Outrata, Jiří,  |d 1903-1981  |4 aut  |9 102369 
245 1 0 |a Technológia 1 - brusič  |c Jiří Outrata ; Alexander Sýkora 
250 |a 4. vyd. 
260 |a Bratislava  |b Alfa  |c 1979  |e Nitra  |f Nitrianske tlačiarne 
300 |a 216 s., 13,45 AH  |b Tb. Fot. Sch.  |c 21 cm 
366 |e 4000 výtl. 
490 0 |a Edícia strojárskej literatúry 
500 |a Schválilo MŠ SSR ako učeb. text pre 1. roč. OU a UŠ. 
700 1 |a Sýkora, Alexander  |4 trl  |9 308569 
852 |a Slovenská národná knižnica 
958 |a OND 
958 |a CZ 
958 |a UC 
958 |a TL 
958 |a OP 
999 |c 1160187  |d 1162117 
952 |t P60, <04>, [BOOK], {604}  |a SNK  |b SNK  |y VYP  |7 0  |p 17A0190133  |o snkSC 46283/1/D1  |0 0  |1 0  |4 0  |d 1999-04-14  |l 0  |r 2004-12-31 00:00:00  |w 2026-02-24 
952 |a SNK  |b SNK  |y PREZ  |7 0  |p 17A0795529  |o snkSC 46283/1/  |0 0  |1 0  |4 0  |d 2012-07-31  |l 0  |r 2025-10-27 00:00:00  |w 2026-02-24